00873nam a22002417a 450000500170000001000130001702000220003003500130005203700160006504000120008108200150009310000250010824501080013326000330024127000420027430000320031650000200034865000280036865000370039694200240043399900190045795201550047620170124110040.0 aA-251528 c00.00a0446512303 aA-251528 bCen Lib/Ret aDPLbEN a646.7bSAF aSaffon, M. J.923490 a Youthlift : how to firm your neck, chin, and shoulders with minutes-a-day exercises /cby M. J. Saffon c1981aNew YorkbWarner Books bNew Yorka75 Rockefeller Plazae10019 axvii,107p.:c21cm(Hb)bill. aIncludes index  aBeauty, Personal923491 aSkin -- Care and hygiene9112441 2ddccENh646.7mSAF c128467d128467 04104070aLbLd2015-07-02eCen Lib/Retg0.00l1o646.7 SAFpA-251528r2017-05-19 00:00:00s2017-05-05t1v0.00w2015-07-02yENzW/d list no. 6838/7